| 000 | 01048nam a2200205 4500 | ||
|---|---|---|---|
| 001 | 174539 | ||
| 003 | ES-MaACL | ||
| 005 | 20250709063224.0 | ||
| 008 | 100505s1773 sp p |||| | spa d | ||
| 080 | _a27(460.285)"00/07" | ||
| 100 | 1 |
_aFlórez, Enrique, _d1702-1773 _9142679 |
|
| 240 | 1 | 0 | _aEspaña sagrada |
| 245 | 1 | 0 |
_aEspaña sagrada. _nTomo VI, _pla Santa Iglesia de Toledo en quanto metropolitana _b: theatro geographico-historico de la Iglesia de España : origen, divisiones, y limites de todas sus Provincias : antiguedad, traslaciones, y estado antiguo y presente de sus Sillas, en todos los Dominios de España, y Portugal : con varias dissertaciones criticas, para ilustrar la Historia Eclesiastica de España / _csu autor Henrique Florez. |
| 250 | _aSegunda edición. | ||
| 260 |
_aMadrid : _ben la oficina de Pedro Marin, _c1773. |
||
| 300 |
_a[34], 586 p. ; _c20 cm. |
||
| 651 | 4 |
_aToledo (Provincia)- _xHistoria eclesiástica. _9142698 |
|
| 852 | 4 |
_aES-MaACL _jR-1617-69 _x C-16767-818 |
|
| 999 |
_c174539 _d174539 |
||